000 00843nam a2200229Ii 4500
003 JO-AjNU
008 230605s9999||||xx |||||||||||||| ||und||
017 _a2008/8/2618
020 _a978-9957-38-126-4
040 _aJO-AjNU
_bara
_erda
_cJO-AjNU
041 _aara
050 1 4 _aBP173.75.J86 2009
100 3 _aالجنيدل، حمد بن عبد الرحمن ؛ إيهاب حسين أبو دية,
_eauthor
_928333
245 0 0 _aالإستثمار والتمويل في الإقتصاد الإسلامي، ج1
250 _aط1
264 3 1 _aعمان: دار جرير للنشر والتوزيع، 2009
300 _aج1، 224ص
336 _atext
_btxt
_2rdacontent
337 _aunmediated
_bn
_2rdamedia
338 _avolume
_bnc
_2rdacarrier
650 4 _aالاقتصاد الاسلامي- الاستثمار المالي
_928334
999 _aA10976
_c14544
_d14544